[Event "AUTO-OPEN-2116"]
[Site "http://www.queenalice.com/game.php?id=838150"]
[Date "2010.9.26"]
[Round "1"]
[White "Gmasteer"]
[Black "dreaming_of_a_vacation"]
[Result "1-0"]
[WhiteElo "2092"]
[BlackElo "1314"]

1. e4 Nc6 2. d4 d5 3. Nc3 h5 4. Bb5 a6 5. Ba4 Bg4 6. f3 Bd7 7. Nxd5 e6 8. Ne3
Bb4+ 9. c3 Be7 10. Qb3 b5 11. Bxb5 axb5 12. Ne2 Na5 13. Qc2 c6 14. O-O Bd6 15.
a4 Bxh2+ 16. Kxh2 Qc7+ 17. Kh1 Qd8 18. axb5 cxb5 19. d5 Rh6 20. b4 Nb7 21. Rxa8
Qxa8 22. c4 h4 23. c5 Nd8 24. c6 Bc8 25. Ng4 Rg6 26. Ne5 Rg5 27. Bxg5 f6 28. Qc5
fxg5 29. Ng6 Qa2 30. Qf8# 1-0

[Event "AUTO-OPEN-2116"]
[Site "http://www.queenalice.com/game.php?id=838151"]
[Date "2010.9.26"]
[Round "1"]
[White "dreaming_of_a_vacation"]
[Black "Gmasteer"]
[Result "0-1"]
[WhiteElo "1312"]
[BlackElo "2094"]

1. e4 e5 2. Nc3 Bc5 3. Qf3 Nc6 4. Bc4 Nf6 5. h3 Nd4 6. Bd3 Nxf3+ 7. Nxf3 O-O 8.
Nxe5 d6 9. Nc4 Bd4 10. Ne2 Bc5 11. b3 b5 12. Na5 Qe8 13. b4 Bxb4 14. Nb3 Nxe4
15. c3 Nxc3 16. dxc3 Bxc3+ 17. Bd2 Bxa1 18. f3 a5 19. Be4 c6 20. Nxa5 d5 21. Bd3
Bf6 22. Kf2 Bd8 23. Nb3 Bb6+ 24. Nbd4 Qe5 25. Bf4 Bxd4+ 26. Kg3 Qf6 27. Re1 Re8
28. Bd2 Be5+ 29. Kf2 Rxa2 30. Rd1 Qh4+ 31. g3 Bd4+ 32. Be3 Bxe3+ 33. Kf1 Bxh3+
34. Ke1 Qb4+ 35. Nc3 Bf2# 0-1

[Event "AUTO-OPEN-2116"]
[Site "http://www.queenalice.com/game.php?id=838152"]
[Date "2010.9.26"]
[Round "1"]
[White "Gmasteer"]
[Black "m_2788"]
[Result "1-0"]
[WhiteElo "2096"]
[BlackElo "2088"]

1. e4 c5 2. Nf3 d6 3. d4 cxd4 4. Nxd4 Nf6 5. Nc3 a6 6. Bg5 Nbd7 7. Qd2 h6 8. Bh4
g5 9. Bg3 Bg7 10. Nf5 O-O 11. Nxg7 Kxg7 12. h4 Nh7 13. O-O-O Qa5 14. hxg5 Nxg5
15. f4 Ne6 16. Bh4 f6 17. Bc4 Ndc5 18. f5 Ng5 19. Qe2 Bd7 20. e5 Qd8 21. Bxg5
1-0

[Event "AUTO-OPEN-2116"]
[Site "http://www.queenalice.com/game.php?id=838153"]
[Date "2010.9.26"]
[Round "1"]
[White "m_2788"]
[Black "Gmasteer"]
[Result "0-1"]
[WhiteElo "2074"]
[BlackElo "2109"]

1. d4 Nf6 2. c4 e6 3. Nf3 b6 4. a3 Bb7 5. Nc3 c5 6. d5 d6 7. e4 Be7 8. Be2 O-O
9. O-O e5 10. b4 cxb4 11. axb4 Nbd7 12. h3 a5 13. bxa5 bxa5 14. Be3 Qc7 15. Na4
Nxe4 16. Nh2 f5 17. Bd3 Ndc5 18. Nxc5 Nxc5 19. Bc2 e4 20. Bd4 Ba6 21. Qe2 Bf6
22. Bxf6 Rxf6 23. Rfc1 Rb8 24. g4 Rb4 25. gxf5 Rxc4 26. Qh5 Nb3 27. Ng4 Rf8 28.
Bxe4 Rxc1+ 29. Rxc1 Qxc1+ 30. Kg2 Nd2 31. f6 Nxe4 32. Nh6+ Qxh6 0-1

[Event "AUTO-OPEN-2056"]
[Site "http://www.queenalice.com/game.php?id=859872"]
[Date "2010.11.17"]
[Round "2"]
[White "Gmasteer"]
[Black "ishamael13"]
[Result "1-0"]
[WhiteElo "2121"]
[BlackElo "1930"]

1. e4 Nc6 2. d4 d6 3. Nf3 e6 4. Bb5 Ne7 5. O-O Bd7 6. Nc3 h6 7. d5 exd5 8. exd5
Ne5 9. Re1 g6 10. Nd4 a6 11. Be2 Bg7 12. f4 c5 13. Nb3 c4 14. Nd2 Qb6+ 15. Kh1
Nf5 16. fxe5 Ne3 17. Nxc4 1-0

[Event "AUTO-OPEN-2056"]
[Site "http://www.queenalice.com/game.php?id=859873"]
[Date "2010.11.17"]
[Round "2"]
[White "ishamael13"]
[Black "Gmasteer"]
[Result "0-1"]
[WhiteElo "1915"]
[BlackElo "2142"]

1. e4 e5 2. Bc4 Nc6 3. Nf3 Nf6 4. d3 Be7 5. Nc3 d6 6. h3 O-O 7. O-O Na5 8. Nd2
c6 9. b4 Nxc4 10. Nxc4 Qc7 11. f4 a5 12. b5 cxb5 13. fxe5 dxe5 14. Rxf6 Bxf6 15.
Nd5 Qd8 16. Ncb6 Rb8 17. c4 bxc4 18. dxc4 Be7 19. Be3 Be6 20. c5 Bg5 21. Bf2 f5
22. exf5 Rxf5 23. h4 Bxh4 24. Bxh4 Qxh4 25. Qc2 Qd4+ 0-1

[Event "AUTO-OPEN-2056"]
[Site "http://www.queenalice.com/game.php?id=859874"]
[Date "2010.11.17"]
[Round "2"]
[White "Gmasteer"]
[Black "power2010"]
[Result "1-0"]
[WhiteElo "2157"]
[BlackElo "1980"]

1. e4 Nc6 2. d4 e5 3. d5 Nce7 4. h4 Nf6 5. Nc3 d6 6. Be2 Bd7 7. Qd3 Nfg8 8. Bd2
a6 9. O-O-O b5 10. f4 b4 11. Nb1 exf4 12. Bxf4 Ng6 13. Bg3 Be7 14. Nf3 Nh6 15.
Rd2 Ng4 16. h5 N6e5 17. Nxe5 Nxe5 18. Bxe5 dxe5 19. Qg3 O-O 20. h6 g6 21. Qxe5
f6 22. Qd4 Bd6 23. Rf1 a5 24. Bc4 Kh8 25. Rdf2 Be5 26. Qe3 Qe7 27. c3 a4 28.
cxb4 Qxb4 29. Qe2 c6 30. a3 Qc5 31. Qd3 Rab8 32. Nc3 f5 33. Nxa4 Qe7 34. d6 Qg5+
35. Kb1 Qxh6 36. Nc5 Qg7 37. Be6 Bxb2 38. Nxd7 Bxa3+ 39. Nxb8 Rxb8+ 40. Kc2 Bc5
41. Rb1 Rxb1 42. Kxb1 Bxf2 43. d7 1-0

[Event "AUTO-OPEN-2056"]
[Site "http://www.queenalice.com/game.php?id=859875"]
[Date "2010.11.17"]
[Round "2"]
[White "power2010"]
[Black "Gmasteer"]
[Result "0-1"]
[WhiteElo "2033"]
[BlackElo "2133"]

1. Nf3 d5 2. g3 Nc6 3. Bg2 e5 4. d3 Nf6 5. c4 dxc4 6. Qa4 Bb4+ 7. Bd2 Qd6 8.
Nxe5 Bxd2+ 9. Nxd2 Qxe5 10. Nxc4 Qc5 11. Bxc6+ bxc6 12. O-O O-O 13. Ne3 Qh5 14.
Qxc6 Rb8 15. Qc2 Bh3 16. Rfc1 Rfe8 17. b3 Rbc8 18. Qd2 Ng4 19. Nxg4 Qxg4 20. Re1
Qd4 21. Rac1 Re7 22. Rc4 Qd7 23. Qa5 Rce8 24. Qh5 g6 25. Qf3 f5 26. Rc2 Qd4 27.
Rc4 Rxe2 0-1

[Event "AUTO-ADV-1848"]
[Site "http://www.queenalice.com/game.php?id=860751"]
[Date "2010.11.19"]
[Round "2"]
[White "Nille"]
[Black "Gmasteer"]
[Result "0-1"]
[WhiteElo "1814"]
[BlackElo "2131"]

1. e4 e5 2. Nf3 Nc6 3. Bc4 Bc5 4. Nc3 Nf6 5. d3 d6 6. h3 Na5 7. Nd2 Nxc4 8. Nxc4
Rb8 9. Bg5 Be6 10. Nd5 Bxd5 11. exd5 h6 12. Bh4 g5 13. Bg3 Nxd5 14. O-O O-O 15.
Qh5 Qf6 16. Kh2 Qg6 17. Qf3 Nf6 18. a3 g4 19. Qe2 b5 20. Na5 gxh3 21. Nc6 Rbe8
22. f3 Nh5 23. Qe1 Kh7 24. Qe4 f5 25. Qe1 f4 26. Bf2 Qxg2# 0-1

[Event "AUTO-ADV-1848"]
[Site "http://www.queenalice.com/game.php?id=860752"]
[Date "2010.11.19"]
[Round "2"]
[White "Gmasteer"]
[Black "Nille"]
[Result "1-0"]
[WhiteElo "2127"]
[BlackElo "1864"]

1. e4 e5 2. Nf3 d6 3. Bc4 Nf6 4. Nc3 h6 5. d4 exd4 6. Nxd4 a6 7. O-O b5 8. Be2
c5 9. Nf5 Bb7 10. Bf4 Nc6 11. Nxd6+ Bxd6 12. Bxd6 Nd4 13. e5 Nd7 14. Re1 Qg5 15.
Bg4 Ne6 16. Nd5 Bxd5 17. Qxd5 Rd8 18. Bxe6 Qg6 19. Bxd7+ Rxd7 20. e6 1-0

[Event "AUTO-ADV-1848"]
[Site "http://www.queenalice.com/game.php?id=860753"]
[Date "2010.11.19"]
[Round "2"]
[White "WilsonFerreira"]
[Black "Gmasteer"]
[Result "0-1"]
[WhiteElo "1929"]
[BlackElo "2147"]

1. e4 e5 2. Nf3 Nc6 3. Bb5 a6 4. Ba4 d6 5. d4 Bg4 6. d5 b5 7. Bb3 Nd4 8. Nbd2
Nf6 9. h3 Nxb3 10. axb3 Bd7 11. O-O Be7 12. c4 c6 13. Qe2 O-O 14. Nh2 Qc7 15. f4
Qb6+ 16. Kh1 exf4 17. Rxf4 Rae8 18. Ndf1 Bd8 19. Ng3 cxd5 20. Bd2 bxc4 21. bxc4
Qxb2 22. Raf1 dxc4 23. Qe1 d5 24. Bc3 Qb8 0-1

[Event "AUTO-ADV-1848"]
[Site "http://www.queenalice.com/game.php?id=860754"]
[Date "2010.11.19"]
[Round "2"]
[White "Gmasteer"]
[Black "WilsonFerreira"]
[Result "1-0"]
[WhiteElo "2152"]
[BlackElo "1920"]

1. e4 e5 2. Nf3 Nc6 3. Bc4 Bc5 4. c3 Nf6 5. d4 exd4 6. g3 O-O 7. e5 Ng4 8. cxd4
Bb6 9. Bg5 Qe8 10. O-O d6 11. exd6 cxd6 12. Nc3 h6 13. Bf4 Qd8 14. Nd5 Be6 15.
Nxb6 Qxb6 16. d5 Nce5 17. Nxe5 Nxe5 18. Bxe5 Bh3 19. Bd4 Qb4 20. Bd3 Bxf1 21.
Qg4 g5 22. Bxf1 Rae8 23. Qd1 Re4 24. Bf6 Rfe8 25. Qh5 1-0

[Event "AUTO-OPEN-2056"]
[Site "http://www.queenalice.com/game.php?id=895270"]
[Date "2011.2.3"]
[Round "3"]
[White "Gmasteer"]
[Black "Constante"]
[Result "0-1"]
[WhiteElo "2123"]
[BlackElo "2218"]

1. e4 c5 2. Nf3 d6 3. d4 Nf6 4. dxc5 Qa5+ 5. c3 Qxc5 6. Bd3 Bg4 7. Qb3 b6 8. Ng5
e6 9. Be3 Qc7 10. f3 Bh5 11. O-O h6 12. Nh3 Be7 13. Nf4 g5 14. Nxh5 Nxh5 15. Na3
Nf4 16. Bb5+ Nd7 17. Qc4 Rc8 0-1

[Event "AUTO-OPEN-2056"]
[Site "http://www.queenalice.com/game.php?id=895271"]
[Date "2011.2.3"]
[Round "3"]
[White "Constante"]
[Black "Gmasteer"]
[Result "1-0"]
[WhiteElo "2165"]
[BlackElo "2087"]

1. e4 e5 2. Nf3 Nc6 3. Bb5 f5 4. Nc3 fxe4 5. Nxe4 Nf6 6. Nxf6+ Qxf6 7. Qe2 Be7
8. Bxc6 bxc6 9. d4 exd4 10. Bg5 Qe6 11. Qxe6 dxe6 12. Bxe7 Kxe7 13. Nxd4 c5 14.
Nb3 Rb8 15. O-O-O Rf8 16. Rd2 c4 17. Nd4 c3 18. bxc3 Rb6 19. c4 c5 20. Nb3 Ra6
21. c3 1-0